| 000 | 00435nam a2200169Ia 4500 | ||
|---|---|---|---|
| 003 | LK-CoDNM | ||
| 008 | 010623t1954 xxu||||| |||| 00| 1 eng d | ||
| 040 |
_aLK-CoDNM _dLK-CoDNM _eLK-CoDNM |
||
| 041 | _aeng | ||
| 080 |
_a781 _bSAM |
||
| 100 | _aSambamoorthy,P. | ||
| 245 | _aSouth Indian Music(Book IV) | ||
| 260 |
_bThe Indian Music Publishing House _aMadras _c1954 |
||
| 300 | _b380p., 20 cm | ||
| 650 | _aMusicians | ||
| 942 | _cBK | ||
| 999 |
_c103436 _d103436 |
||